000 01459 a2200181 4500
003 Nust
005 20221220115712.0
040 _cNust
082 _a621.384,MAR
100 _aMarcus, Abraham
_940045
245 _aRadio for beginners :
_ba self-teaching course, based on elements of Radio /
_cMarcus, Abraham
260 _aUSA
_bForces Institue
_c1943
300 _a313:p
505 _aWave Motion (Page-1), Wave in Ether (Page-7), A Simple Radio Receiving Set (Page-13), The Arial-Ground System (Page-20), The Tuner (Page-24), The Reproducer (Page-31), The Detector (Page-39), Wave form (Page-46), The Antenna Coupler (Page-60), Electron Flow in the Arial-Ground System (Page-68), Electron Flow in the Tuning Circuit (Page-75), Electron Flow in the Crystal Detector and Phones (Page-85), Vacuum-Tube Detector-the Diode (Page-92), The Vacuum –Tube Detector-the Triode (Page-100), Regenerative Detector (Page-117), The Audio-Frequency Amplifier (Page-127), Eliminating the B Battery (Page-146), Eliminating the A Battery (Page-160), Eliminating the C Battery (Page-167), The A.C-D.C Power Supplies (Page-173), The Dynamic Speaker (Page-178), The Audio-Frequency Amplifier (Page-185), Volume Control (Page-204), Tone Control (Page-217), The Superheterodyne Receiver (Page-224), Types of Vacuum Tubes (Page-241), Final Tests A, B, C, D, E, F, (Page-272).
600 _aMarcus, Abraham
_940045
650 _aRadio for beginners
_9105334
942 _2ddc
_cBK
999 _c183066
_d183066